| 000 | 00644nam a2200121Ia 4500 | ||
|---|---|---|---|
| 008 | 220620s9999||||xx |||||||||||||| ||und|| | ||
| 100 | _aMuraco, Anna | ||
| 245 | 0 |
_aOdd Couples _bFriendships at the Intersection of Gender and Sexual Orientation |
|
| 546 | _aEnglish[eng] | ||
| 650 | _aSociology||Gay||Gender role||Heterosexuality||Homosexuality||Intersectionality||Lesbian||LGBT||Sexual orientation||Social norm | ||
| 856 | _uhttps://library.oapen.org/bitstream/20.500.12657/30260/1/648157.pdf||https://library.oapen.org/bitstream/20.500.12657/30260/1/648157.pdf||https://library.oapen.org/bitstream/20.500.12657/30260/1/648157.pdf | ||
| 942 | _cEB | ||
| 999 |
_c31738 _d31738 |
||